Capital Cities Closest to an Unknown Capital City A-Z #3 - Statistics

General Stats
  • This quiz has been taken 310 times
  • The average score is 14 of 25
Answer Stats
Capital City % Correct
I Islamabad
80%
J Jerusalem
79%
C Cairo
74%
R Riyadh
74%
T Tehran
74%
Z Zagreb
74%
Y Yerevan
73%
Q Quito
72%
U Ulaanbaatar
72%
B Baghdad
68%
W Warsaw
67%
D Doha
63%
O Oslo
62%
S Sanaa
61%
K Kuwait City
57%
N New Delhi
57%
SECRET Abu Dhabi
49%
M Manama
49%
H Helsinki
48%
F Freetown
46%
A Ashgabat
44%
G Gaborone
33%
P Pristina
29%
V Victoria
23%
L Ljubljana
16%
No matching quizzes found
Score Distribution
Percent of People with Each Score
Percentile by Number Answered
Your Score History
You have not taken this quiz